LIBRARY & INFORMATION CENTRE, KCAET, TAVANUR

ONLINE PUBLIC ACCESS CATALOGUE (OPAC)

General studies for ARS and other competitive examinations (Record no. 14833)

MARC details
000 -LEADER
fixed length control field 00337nam a22001337a 4500
020 ## - INTERNATIONAL STANDARD BOOK NUMBER
ISBN 9788183601573
082 ## - DEWEY DECIMAL CLASSIFICATION NUMBER
Classification number 630.1
Item number RAM/GE
245 ## - TITLE STATEMENT
Title General studies for ARS and other competitive examinations
250 ## - EDITION STATEMENT
Edition statement 13th
260 ## - PUBLICATION, DISTRIBUTION, ETC. (IMPRINT)
Place of publication New Delhi
Name of publisher Jain Brothers
Year of publication 2016
300 ## - PHYSICAL DESCRIPTION
Number of Pages 276p
700 ## - ADDED ENTRY--PERSONAL NAME
Personal name Ramana Rao, K.V
942 ## - ADDED ENTRY ELEMENTS (KOHA)
Koha item type Books
Holdings
Withdrawn status Lost status Damaged status Collection code Home library Current library Shelving location Date acquired Source of acquisition Cost, normal purchase price Full call number Accession Number Koha item type
        KAUAET KAUAET General Stacks 30/03/2017 Vigyan Books, Delhi 350.00 630.1 RAM/GE 25399 Books
        KAUAET KAUAET General Stacks 30/03/2017 Vigyan Books, Delhi 350.00 630.1 RAM/GE 25400 Books
        KAUAET KAUAET General Stacks 30/03/2017 Vigyan Books, Delhi 350.00 630.1 RAM/GE 25401 Books
free website counter